| 000 -LEADER |
| fixed length control field |
00382cam a22001337a 4500 |
| 008 - FIXED-LENGTH DATA ELEMENTS--GENERAL INFORMATION |
| fixed length control field |
180718b1918 xxu||||| |||| 00| 0 eng d |
| 082 ## - DEWEY DECIMAL CLASSIFICATION NUMBER |
| Classification number |
A6x44 M264 |
| 100 ## - MAIN ENTRY--PERSONAL NAME |
| Personal name |
Madelin, Louis |
| 245 ## - TITLE STATEMENT |
| Title |
The French revolution |
| Statement of responsibility, etc. |
by Louis Madelin |
| 260 ## - PUBLICATION, DISTRIBUTION, ETC. |
| Place of publication, distribution, etc. |
London |
| Name of publisher, distributor, etc. |
Heinemann |
| Date of publication, distribution, etc. |
1918 |
| 300 ## - PHYSICAL DESCRIPTION |
| Extent |
622p. |
| 500 ## - GENERAL NOTE |
| General note |
First Pub. 1916. Orginanl ed. 1911 |
| 650 ## - SUBJECT ADDED ENTRY--TOPICAL TERM |
| Topical term or geographic name entry element |
France - History - Revolution |